| 000 | 00651nam a2200193 a 4500 | ||
|---|---|---|---|
| 001 | 000404018 | ||
| 003 | AM-YeHGA | ||
| 005 | 20250618072403.0 | ||
| 008 | 050120s1899 gs 000 | arm d | ||
| 040 | _aAM-YeHGA | ||
| 041 | 0 | _aarm | |
| 100 | 1 |
_aԹումանյան, Հարություն Օհանջանի, _d1869-1943 _91105 |
|
| 245 | 1 | 0 |
_aԲանաստեղծութիւններ : _b1892-1899 / _cՅարութիւն Թումանեանց. |
| 260 |
_aԹիֆլիս : _bտպ. Վրաց. հրատ. ընկ., _c1899. |
||
| 300 |
_a111 էջ ; _c18 սմ. |
||
| 650 | 1 | 4 |
_aՀայ գրականություն _xՊոեզիա |
| 942 |
_2udc _cBK |
||
| 090 | _c154739 | ||
| 999 |
_c153343 _d153343 |
||